| 000 | 00724nam a22002057a 4500 | ||
|---|---|---|---|
| 005 | 20260612160046.0 | ||
| 010 | _aENG-148832 | ||
| 020 |
_c350.00 _a9788119664214 |
||
| 035 | _aEN-132364 | ||
| 037 | _bDBAD | ||
| 082 |
_a236.5 _21 |
||
| 100 |
_aThomas, Gracious _989372 |
||
| 245 |
_aPurgatory: _cGracious Thomas [and] Elvis G. Thomas _bThe Gift of Divine Mercy/ |
||
| 250 | _a1 | ||
| 260 |
_bATC Publishers _aBengaluru _c2024 |
||
| 270 |
_aSt's Mary Block, Archdiocesan,Pastoral Center,#5, Nandidurga Road,Benson Town _bBengaluru _e560046 _k+918025491999 _k7090100444 _minfo@atcpublishers.com |
||
| 300 |
_a239p. _c21cm(pb) |
||
| 700 |
_aThomas, Elvis G. _eAuthor _989373 |
||
| 942 |
_2ddc _cEN _h236.5 _mTHO |
||
| 999 |
_c216630 _d216630 |
||